Clickable 1-100 Mines Quiz Stats

 Plays Quiz Updated Sep 10, 2015

Support Sporcle.
Go Orange.
Score 0/100 Timer 04:00
1,204 Plays Today
% Correct
???
99.9%
???
97.9%
???
96.5%
???
95.8%
???
94.6%
???
93.6%
???
93.1%
???
92.2%
???
91.6%
???
90.5%
???
90.3%
???
89.1%
???
88.1%
???
87.5%
???
86.3%
???
84.9%
???
84.7%
???
83.3%
???
82.6%
???
81.2%
???
80.7%
???
79.8%
???
78.7%
???
77.9%
???
76.9%
???
75.5%
???
74.8%
???
73.3%
???
72.3%
???
71%
???
70.4%
???
69.2%
???
68.4%
???
67.3%
% Correct
???
66.1%
???
64.7%
???
63.7%
???
62.3%
???
61%
???
60%
???
59.4%
???
58.2%
???
57.1%
???
56.5%
???
55.2%
???
53.8%
???
53%
???
51.6%
???
50.4%
???
48.9%
???
47.9%
???
46.4%
???
45.2%
???
44.2%
???
43.1%
???
41.4%
???
40.4%
???
38.9%
???
37.7%
???
36.3%
???
35.2%
???
33.7%
???
32.5%
???
31.4%
???
30.1%
???
28.9%
???
27.8%
???
26.4%
% Correct
???
25.5%
???
24.6%
???
24%
???
23.3%
???
22.6%
???
22%
???
21.3%
???
20.5%
???
20.1%
???
19.4%
???
18.8%
???
18%
???
17.5%
???
16.7%
???
16.1%
???
15.5%
???
15%
???
14.4%
???
13.9%
???
13.4%
???
13%
???
12.5%
???
12.2%
???
11.8%
???
11.5%
???
11.2%
???
11%
???
10.7%
???
10.5%
???
10.4%
???
10.3%
???
10.2%

Sporcle TV

Clickable Minefield Madness! | Let's Play


Watch Matt and Holly try their hands at one of our most challenging quizzes, clicking buttons from 1-100! Even one misstep and they'll have to start all over.

From the Vault

Creator of Words!

by mrsmith

We'd feel a lot worse if we we tearing them apart.
Remove Ads.
Support Sporcle.
Get the best of Sporcle when you Go Orange. This ad-free experience offers more features, more stats, and more fun while also helping to support Sporcle. Thank you for becoming a member.

Show Comments

Extras

Top Quizzes Today


Score Distribution

Your Account Isn't Verified!

In order to create a playlist on Sporcle, you need to verify the email address you used during registration. Go to your Sporcle Settings to finish the process.

Report this User

Report this user for behavior that violates our Community Guidelines.

Details: